[Event "4NCL Online Div 4 Playoff"]
[Site "online"]
[Date "2020.12.01"]
[Round "8.14"]
[White "Khan, Samir"]
[Black "Capes, Ian"]
[Result "1/2-1/2"]
[WhiteElo "1592"]
[BlackElo "1922"]
[PlyCount "80"]
[EventDate "2020.12.01"]
[WhiteTeam "MCS Oxford A"]
[BlackTeam "Hertford 1"]

1. e4 d5 2. exd5 Qxd5 3. Nc3 Qd6 4. Nf3 Nf6 5. h3 c6 6. d3 Bf5 7. Be3 e6 8. Qd2
Qc7 9. Bf4 Bd6 10. Bxd6 Qxd6 11. Be2 Nbd7 12. Qg5 Bg6 13. O-O h6 14. Qe3 O-O
15. a3 Nd5 16. Nxd5 exd5 17. d4 Bxc2 18. Qd2 Bf5 19. Bd3 Be4 20. Nh2 Rfe8 21.
Rfe1 Nf6 22. Bxe4 dxe4 23. Rad1 Rad8 24. Nf1 Nd5 25. Ne3 Nxe3 26. fxe3 Qd5 27.
Qb4 Rd7 28. Rc1 Qg5 29. Rc5 Qg3 30. Qd2 Re6 31. Qf2 Qxf2+ 32. Kxf2 Rd5 33. Rxd5
cxd5 34. Rc1 Rc6 35. Rc5 Rxc5 36. dxc5 f5 37. g3 Kf7 38. b4 Ke7 39. b5 Kd7 40.
a4 g5 1/2-1/2

[Event "4NCL Online Div 4 Playoff"]
[Site "online"]
[Date "2020.12.01"]
[Round "8.21"]
[White "Pentakota, Rajasekhar"]
[Black "Hann, R Mark"]
[Result "0-1"]
[WhiteElo "1997"]
[BlackElo "2035"]
[PlyCount "64"]
[EventDate "2020.12.01"]
[WhiteTeam "Wessex Some Stars C"]
[BlackTeam "Bolton and Worsley"]

1. e4 e6 2. d4 d5 3. Nd2 Nf6 4. e5 Nfd7 5. Bd3 c5 6. c3 Nc6 7. Ne2 cxd4 8. cxd4
f6 9. exf6 Nxf6 10. Nf3 Bd6 11. O-O Qc7 12. Bg5 O-O 13. Nc3 a6 14. Rc1 Ng4 15.
h3 Nh2 16. Nxh2 Bxh2+ 17. Kh1 Bf4 18. Bxf4 Qxf4 19. Ne2 Qh4 20. Kg1 Bd7 21. Bb1
Rac8 22. Rc3 Ne7 23. Rg3 Bb5 24. Bd3 Bxd3 25. Qxd3 Nf5 26. Rg4 Qf6 27. Ng3 Nxg3
28. fxg3 Qxf1+ 29. Qxf1 Rxf1+ 30. Kxf1 Rc1+ 31. Kf2 Rc2+ 32. Kf3 Rxb2 0-1

[Event "4NCL Online Div 4 Playoff"]
[Site "online"]
[Date "2020.12.01"]
[Round "8.22"]
[White "Tyton, Adam"]
[Black "Krawczuk, Michael J"]
[Result "1/2-1/2"]
[WhiteElo "1915"]
[BlackElo "1967"]
[PlyCount "68"]
[EventDate "2020.12.01"]
[WhiteTeam "Bolton and Worsley"]
[BlackTeam "Wessex Some Stars C"]

1. e4 c5 2. Nf3 d6 3. Bb5+ Nd7 4. c3 a6 5. Ba4 Ngf6 6. Qe2 b6 7. d4 b5 8. Bc2
Bb7 9. O-O e6 10. a4 bxa4 11. Bg5 Be7 12. Nbd2 O-O 13. Rxa4 Qb6 14. Nc4 Qc7 15.
Na5 e5 16. dxe5 dxe5 17. Bd3 Nb6 18. Raa1 Bc8 19. h3 h6 20. Be3 Rd8 21. Rfd1
Be6 22. Nd2 Bc8 23. Ra2 Be6 24. b3 Bc8 25. Rda1 Nfd7 26. Ndc4 Nxc4 27. Bxc4 Nb6
28. Bd3 Nd7 29. Qf3 Nf6 30. Bc4 Bd7 31. Rd2 Bb5 32. Rxd8+ Rxd8 33. Kf1 Qd7 34.
Kg1 Qc7 1/2-1/2

[Event "4NCL Online Div 4 Playoff"]
[Site "online"]
[Date "2020.12.01"]
[Round "8.23"]
[White "Adaway, William"]
[Black "Doherty, Paul"]
[Result "1-0"]
[WhiteElo "1952"]
[BlackElo "1738"]
[PlyCount "105"]
[EventDate "2020.12.01"]
[WhiteTeam "Wessex Some Stars C"]
[BlackTeam "Bolton and Worsley"]

1. c4 e5 2. Nc3 Nc6 3. Nf3 f5 4. g3 Nf6 5. d4 e4 6. d5 exf3 7. dxc6 bxc6 8.
exf3 Be7 9. Bd3 d6 10. O-O O-O 11. Qc2 Kh8 12. Re1 h6 13. b3 Nh5 14. f4 Qd7 15.
Bb2 Bf6 16. Be2 Qf7 17. Bf3 Bd7 18. Nd1 Bxb2 19. Qxb2 Rae8 20. Ne3 Nf6 21. Qa3
Ra8 22. Qa5 Ne8 23. Qa6 g5 24. Bxc6 Bxc6 25. Qxc6 Ng7 26. Nd5 Ne6 27. Re3 Nd4
28. Qxc7 Qh5 29. Qxd6 Rae8 30. Nf6 Nf3+ 31. Rxf3 Qxf3 32. Nxe8 Rxe8 33. Qxh6+
Kg8 34. Qg6+ Kf8 35. Qxf5+ Kg8 36. Qxg5+ Kh8 37. Qh6+ Kg8 38. Qg6+ Kf8 39. Qf5+
Kg7 40. Qg5+ Kf8 41. Qf5+ Kg7 42. Qd5 Qc3 43. Rd1 Qc2 44. Qg5+ Kf8 45. Qh6+ Kg8
46. Rd5 Re1+ 47. Kg2 Qe4+ 48. Kh3 Qe6+ 49. Qxe6+ Rxe6 50. Rd7 Re2 51. Rxa7 Rxf2
52. c5 Rc2 53. b4 1-0

[Event "4NCL Online Div 4 Playoff"]
[Site "online"]
[Date "2020.12.01"]
[Round "8.24"]
[White "Lamb, Ian"]
[Black "Chilton, James I"]
[Result "1-0"]
[WhiteElo "1690"]
[BlackElo "1892"]
[PlyCount "113"]
[EventDate "2020.12.01"]
[WhiteTeam "Bolton and Worsley"]
[BlackTeam "Wessex Some Stars C"]

1. Nf3 Nf6 2. d4 d5 3. g3 Bf5 4. Bg2 e6 5. c3 c6 6. Qb3 Qb6 7. Qxb6 axb6 8. O-O
Bxb1 9. Rxb1 Rxa2 10. Bf4 Nbd7 11. Nd2 Be7 12. e4 O-O 13. Rfe1 dxe4 14. Nxe4
Nd5 15. Bd6 b5 16. Bxe7 Nxe7 17. b3 Rfa8 18. c4 b4 19. Nd6 b6 20. Ne4 Rc2 21.
Rec1 Raa2 22. Rxc2 Rxc2 23. Ra1 f5 24. Nd6 Nf8 25. Ra7 Rc1+ 26. Bf1 Neg6 27. f4
Rb1 28. Rb7 c5 29. d5 Rxb3 30. Rxb6 e5 31. Nb7 Nd7 32. Rb5 exf4 33. gxf4 Nxf4
34. Nxc5 Nxc5 35. Rxc5 Rb2 36. d6 Rd2 37. Rc8+ Kf7 38. c5 Rd1 39. Kf2 Nd5 40.
d7 Nf6 41. d8=Q Ne4+ 42. Ke3 Rxd8 43. Rxd8 Nxc5 44. Bc4+ Kf6 45. Rb8 g5 46.
Rxb4 Ke5 47. Rb5 f4+ 48. Kf3 Kd4 49. Bg8 h5 50. h3 Nd3 51. Rxg5 h4 52. Bh7 Ne5+
53. Kxf4 Nf7 54. Rh5 Kc4 55. Rxh4 Kd5 56. Bg8 Ke6 57. Bxf7+ 1-0

[Event "4NCL Online Div 4 Playoff"]
[Site "online"]
[Date "2020.12.15"]
[Round "9.11"]
[White "Borman, Philip"]
[Black "Hann, R Mark"]
[Result "1-0"]
[WhiteElo "2190"]
[BlackElo "2035"]
[PlyCount "65"]
[EventDate "2020.12.15"]
[WhiteTeam "Hertford 1"]
[BlackTeam "Bolton and Worsley"]

1. d4 e6 2. Bf4 f5 3. e3 Nf6 4. Nf3 d5 5. c4 c6 6. Nc3 Bd6 7. Ne5 O-O 8. Be2
Qe7 9. O-O Nbd7 10. Rc1 Ne4 11. f3 Nxc3 12. Rxc3 Nf6 13. c5 Bc7 14. b4 a6 15.
a4 Nh5 16. Rb3 Nxf4 17. exf4 Bxe5 18. fxe5 Bd7 19. f4 Rfb8 20. Bd3 b5 21. Qd2
Kh8 22. Ra1 Bc8 23. Be2 Qb7 24. Rba3 Ra7 25. axb5 cxb5 26. Kh1 Rba8 27. Rg1 Qc7
28. g4 fxg4 29. Rxg4 a5 30. Rh3 axb4 31. Qc2 h6 32. Qg6 Ba6 33. Bd3 1-0

[Event "4NCL Online Div 4 Playoff"]
[Site "online"]
[Date "2020.12.15"]
[Round "9.12"]
[White "Tyton, Adam"]
[Black "Cheal, Barry A"]
[Result "0-1"]
[WhiteElo "1915"]
[BlackElo "2193"]
[PlyCount "92"]
[EventDate "2020.12.15"]
[WhiteTeam "Bolton and Worsley"]
[BlackTeam "Hertford 1"]

1. e4 c5 2. Nf3 d6 3. Bb5+ Nd7 4. c3 Ngf6 5. Qe2 g6 6. d4 cxd4 7. cxd4 a6 8.
Bd3 Bg7 9. Nc3 O-O 10. e5 dxe5 11. dxe5 Nc5 12. Bc4 Ng4 13. O-O e6 14. b4 Nd7
15. Bf4 Qc7 16. Rac1 Ngxe5 17. Nxe5 Bxe5 18. Bxe5 Qxe5 19. Qf3 Qf5 20. Qxf5
gxf5 21. f4 b5 22. Be2 Bb7 23. Rcd1 Nf6 24. Bf3 Bxf3 25. Rxf3 Rfd8 26. Rfd3
Rxd3 27. Rxd3 Rc8 28. a3 Kf8 29. Kf1 Ke7 30. Ke2 Rc4 31. g3 Ne4 32. Nxe4 fxe4
33. Rd2 f5 34. Ra2 Kf6 35. Rd2 Rc3 36. Ra2 e5 37. fxe5+ Kxe5 38. a4 Kd4 39.
axb5 axb5 40. Rd2+ Kc4 41. Rb2 Rb3 42. Rc2+ Kxb4 43. Rc7 Rb2+ 44. Ke3 Rxh2 45.
Rf7 Rh5 46. Kf4 Kb3 0-1

[Event "4NCL Online Div 4 Playoff"]
[Site "online"]
[Date "2020.12.15"]
[Round "9.14"]
[White "Kumar, Jamie"]
[Black "Buswell, A Mark"]
[Result "1-0"]
[WhiteElo "1600"]
[BlackElo "1787"]
[PlyCount "91"]
[EventDate "2020.12.15"]
[WhiteTeam "Bolton and Worsley"]
[BlackTeam "Hertford 1"]

1. d4 Nf6 2. c4 e6 3. Nc3 d5 4. cxd5 exd5 5. Bg5 Nbd7 6. e3 c6 7. Qc2 Be7 8.
Bd3 O-O 9. h3 Re8 10. Nf3 Nf8 11. O-O Nh5 12. Bxe7 Qxe7 13. Ne5 Nf6 14. f4 Ne4
15. Nxe4 dxe4 16. Bc4 Be6 17. f5 Bxc4 18. Qxc4 Nd7 19. Nxd7 Qxd7 20. f6 g6 21.
Qb4 Rad8 22. Rf4 Qc7 23. Qe1 Re6 24. Qh4 Qd6 25. Raf1 Rde8 26. Qg5 Qf8 27. Rh4
Rd8 28. Rh6 Kh8 29. Rf4 Rd5 30. Qh4 Qg8 31. Rxe4 Rd7 32. Rxe6 fxe6 33. Qe4 Rf7
34. Qe5 Qf8 35. Rh4 Qb4 36. Qxe6 Qf8 37. Rf4 h6 38. Rf1 Kh7 39. e4 Kh8 40. e5
Kg8 41. a3 Qd8 42. Rd1 Qb6 43. Kh1 Qxb2 44. d5 Qb3 45. Qe8+ Rf8 46. Qxg6+ 1-0

[Event "4NCL Online Division 5"]
[Site "online"]
[Date "2020.08.25"]
[Round "1.11"]
[White "Price, Michael C"]
[Black "Beckett, Chris J"]
[Result "0-1"]
[WhiteElo "1747"]
[BlackElo "2162"]
[PlyCount "64"]
[EventDate "2020.08.25"]
[WhiteTeam "Uxbridge Knights B"]
[BlackTeam "Woking Warriors"]

1. e4 d6 2. d4 Nf6 3. Nc3 Nbd7 4. f4 e5 5. Nf3 exd4 6. Nxd4 Nc5 7. Bd3 Be7 8.
Be3 O-O 9. Qd2 Re8 10. O-O-O Bf8 11. e5 dxe5 12. fxe5 Ng4 13. Nf3 Nxd3+ 14.
cxd3 Nxe5 15. Nxe5 Rxe5 16. Bf4 Re7 17. Nb5 a6 18. Nc3 Bg4 19. Rde1 Rd7 20. Re3
Bc5 21. Rg3 Bf5 22. Na4 Bd6 23. Bg5 f6 24. Bf4 Bg6 25. Bxd6 Rxd6 26. Re1 Qd7
27. Nc5 Rc6 28. d4 b6 29. Qc3 bxc5 30. Qb3+ Bf7 31. Qb7 Rd8 32. Rge3 cxd4+ 0-1

[Event "4NCL Online Division 5"]
[Site "online"]
[Date "2020.08.25"]
[Round "1.12"]
[White "Kothari, Jai"]
[Black "Knight, David"]
[Result "1-0"]
[WhiteElo "1295"]
[BlackElo "1705"]
[PlyCount "85"]
[EventDate "2020.08.25"]
[WhiteTeam "Woking Warriors"]
[BlackTeam "Uxbridge Knights B"]

1. e4 e6 2. d4 d5 3. Nc3 Nf6 4. Bg5 h6 5. Bxf6 Qxf6 6. Nf3 Bb4 7. e5 Qd8 8. Bd3
c5 9. a3 cxd4 10. Nxd4 Bxc3+ 11. bxc3 Bd7 12. O-O Nc6 13. f4 a6 14. Kh1 Rc8 15.
f5 Nxe5 16. fxe6 Bxe6 17. Nxe6 fxe6 18. Qh5+ Kd7 19. Qxe5 Qe7 20. Bg6 Rhf8 21.
Rfb1 b5 22. a4 Rf6 23. Bd3 Qd6 24. Qxd6+ Kxd6 25. axb5 axb5 26. Ra6+ Ke7 27.
Rxb5 Rxc3 28. Rb7+ Kd8 29. Ra8+ Rc8 30. Rxc8+ Kxc8 31. Rxg7 e5 32. Kg1 e4 33.
Be2 Kd8 34. Bg4 Rd6 35. Kf2 d4 36. Ke2 Ke8 37. Bf5 e3 38. Rg6 Ke7 39. Rxd6 Kxd6
40. Kd3 Ke5 41. Bg4 Kf4 42. Bf3 Ke5 43. g3 1-0

[Event "4NCL Online Division 5"]
[Site "online"]
[Date "2020.08.25"]
[Round "1.13"]
[White "Knight, Daniel"]
[Black "Seet, Joshua"]
[Result "1-0"]
[WhiteElo "1705"]
[BlackElo "1322"]
[PlyCount "83"]
[EventDate "2020.08.25"]
[WhiteTeam "Uxbridge Knights B"]
[BlackTeam "Woking Warriors"]

1. d4 c6 2. Nf3 Nf6 3. e3 d5 4. c4 Bg4 5. Nc3 e6 6. a3 Nbd7 7. c5 b6 8. b4 b5
9. Be2 Be7 10. O-O O-O 11. Qc2 a5 12. Bb2 a4 13. Ne5 Bf5 14. Bd3 Bg6 15. Nxc6
Qe8 16. Nxe7+ Qxe7 17. Bxg6 fxg6 18. Nxb5 Ng4 19. h3 Ngf6 20. Nd6 Ne8 21. Nxe8
Raxe8 22. Qxa4 Ra8 23. Qc2 Rfc8 24. b5 Rab8 25. a4 Nb6 26. Ba3 Nc4 27. Bb4 Qc7
28. b6 Nxb6 29. Ba5 Qc6 30. Bxb6 Rxb6 31. Rfb1 Ra6 32. a5 Rca8 33. Qc3 R8a7 34.
Rb6 Qc7 35. Rxa6 Rxa6 36. Qb4 Kf7 37. g3 Kf6 38. Kg2 Kf5 39. f3 h5 40. h4 Qc6
41. Qb8 Qa8 42. Qe5# 1-0

[Event "4NCL Online Division 5"]
[Site "online"]
[Date "2020.08.25"]
[Round "1.14"]
[White "Wicks, Alexander"]
[Black "Foale, Ron"]
[Result "0-1"]
[WhiteElo "1217"]
[BlackElo "1667"]
[PlyCount "42"]
[EventDate "2020.08.25"]
[WhiteTeam "Woking Warriors"]
[BlackTeam "Uxbridge Knights B"]

1. e4 c5 2. Nf3 Nc6 3. Bb5 e6 4. d4 a6 5. Ba4 b5 6. Bb3 c4 7. Bxc4 bxc4 8. Qe2
Be7 9. Nbd2 d5 10. exd5 exd5 11. O-O Nf6 12. Ne5 Nxd4 13. Qd1 Ne6 14. Nc6 Qc7
15. Nxe7 Qxe7 16. Nf3 O-O 17. Re1 Qd6 18. h3 Rd8 19. Bg5 Nxg5 20. Qd2 Nxf3+ 21.
gxf3 Bxh3 0-1

[Event "4NCL Online Division 5"]
[Site "online"]
[Date "2020.08.25"]
[Round "1.21"]
[White "Eames, Robert S"]
[Black "Clancy, Martin J"]
[Result "1-0"]
[WhiteElo "2267"]
[BlackElo "1870"]
[PlyCount "60"]
[EventDate "2020.08.25"]
[WhiteTeam "Hackney Thirsty"]
[BlackTeam "Wessex Some Stars D"]

1. e4 c5 2. Nf3 d6 3. d4 cxd4 4. Nxd4 Nf6 5. Nc3 a6 6. Bg5 e6 7. f4 Be7 8. Qf3
Qc7 9. O-O-O Nbd7 10. f5 e5 11. Nde2 b5 12. Bxf6 Nxf6 13. Nd5 Nxd5 14. exd5 Bb7
15. Ng3 Rc8 16. Bd3 Qa5 17. Kb1 Rc5 18. Be4 Bf6 19. Nh5 Ke7 20. g4 Rhc8 21. h4
Kf8 22. g5 Bd8 23. f6 g6 24. Ng7 Rc4 25. h5 Rxe4 26. Qxe4 Rc4 27. hxg6 fxg6 28.
Ne6+ Ke8 29. f7+ Ke7 30. f8=Q+ Kd7 1-0

[Event "4NCL Online Division 5"]
[Site "online"]
[Date "2020.08.25"]
[Round "1.22"]
[White "Pankaj Tomar"]
[Black "Mackle, Dominic"]
[Result "1-0"]
[WhiteElo "1787"]
[BlackElo "2192"]
[PlyCount "57"]
[EventDate "2020.08.25"]
[WhiteTeam "Wessex Some Stars D"]
[BlackTeam "Hackney Thirsty"]

1. e4 c5 2. Nf3 Nc6 3. d4 cxd4 4. Nxd4 Nf6 5. Nc3 e6 6. a3 a6 7. Nxc6 bxc6 8.
e5 Nd5 9. Ne4 Qc7 10. f4 c5 11. c4 Nb6 12. Be3 Bb7 13. Nd6+ Bxd6 14. Qxd6 Qxd6
15. exd6 Rc8 16. a4 Rc6 17. Be2 Rxd6 18. a5 Nc8 19. Bxc5 Rc6 20. b4 d6 21. Be3
Rc7 22. O-O O-O 23. Rfd1 Rd8 24. Bb6 Nxb6 25. axb6 Rc6 26. c5 Ra8 27. b5 axb5
28. Rxa8+ Bxa8 29. Rxd6 1-0

[Event "4NCL Online Division 5"]
[Site "online"]
[Date "2020.08.25"]
[Round "1.23"]
[White "Baumann, Tobias"]
[Black "Stuart, Graham"]
[Result "1-0"]
[WhiteElo "2005"]
[BlackElo "1772"]
[PlyCount "73"]
[EventDate "2020.08.25"]
[WhiteTeam "Hackney Thirsty"]
[BlackTeam "Wessex Some Stars D"]

1. e4 e6 2. d4 d5 3. Nd2 Nf6 4. e5 Nfd7 5. f4 c5 6. c3 Nc6 7. Ndf3 Qb6 8. Ne2
cxd4 9. Nexd4 Bc5 10. Be2 O-O 11. O-O f6 12. exf6 Nxf6 13. Kh1 Bd7 14. Qb3 a6
15. Nxc6 Qxb3 16. axb3 Bxc6 17. b4 Bb6 18. Ne5 Ne4 19. Nxc6 bxc6 20. g3 a5 21.
b5 c5 22. Bf3 Nd6 23. Re1 Rae8 24. Bg4 Rf6 25. b4 axb4 26. cxb4 cxb4 27. Bb2
Rg6 28. Bh5 Nxb5 29. f5 e5 30. fxg6 hxg6 31. Bxg6 Re6 32. Bf5 Rf6 33. Bd7 Nc3
34. Rxe5 Bd4 35. Ra8+ Kf7 36. Be8+ Kf8 37. Bg6# 1-0

[Event "4NCL Online Division 5"]
[Site "online"]
[Date "2020.08.25"]
[Round "1.24"]
[White "Hillman, Graham"]
[Black "Robinson, Adam"]
[Result "0-1"]
[WhiteElo "1690"]
[BlackElo "1997"]
[PlyCount "58"]
[EventDate "2020.08.25"]
[WhiteTeam "Wessex Some Stars D"]
[BlackTeam "Hackney Thirsty"]

1. d4 Nf6 2. Bg5 c5 3. e3 Qa5+ 4. Qd2 Qxd2+ 5. Nxd2 cxd4 6. exd4 Nc6 7. c3 g6
8. Ngf3 Bg7 9. Bd3 O-O 10. O-O-O a6 11. Bxf6 Bxf6 12. Ne4 Bg7 13. h4 h5 14. Kb1
d6 15. Nfg5 b5 16. f4 b4 17. Bc4 Bf5 18. Rhe1 bxc3 19. bxc3 Na5 20. Bd3 Rab8+
21. Kc2 Rfc8 22. Nf3 Rb6 23. Rb1 Rbc6 24. d5 Rxc3+ 25. Nxc3 Rxc3+ 26. Kd2 Rxd3+
27. Ke2 Bf6 28. Rb8+ Kg7 29. Rd1 Ra3 0-1

[Event "4NCL Online Division 5"]
[Site "online"]
[Date "2020.08.25"]
[Round "1.31"]
[White "Hilditch-Love, Daniel"]
[Black "Jaunooby, Ali R"]
[Result "0-1"]
[WhiteElo "1682"]
[BlackElo "2252"]
[PlyCount "50"]
[EventDate "2020.08.25"]
[WhiteTeam "Shropshire 4"]
[BlackTeam "Manchester Manticores 1"]

1. Nf3 d5 2. c4 d4 3. b4 g6 4. Bb2 Bg7 5. e3 e5 6. d3 a5 7. a3 Ne7 8. Be2 Na6
9. O-O c5 10. b5 Nc7 11. a4 f5 12. Nbd2 b6 13. g3 Ne6 14. h4 Qd6 15. e4 Bb7 16.
Ng5 Nxg5 17. hxg5 h6 18. gxh6 Rxh6 19. f4 O-O-O 20. Kg2 Rdh8 21. Kf3 exf4 22.
gxf4 Rh2 23. Rg1 R8h3+ 24. Rg3 g5 25. Ra2 g4# 0-1

[Event "4NCL Online Division 5"]
[Site "online"]
[Date "2020.08.25"]
[Round "1.32"]
[White "Rawlinson, Aidan M"]
[Black "Priestley, Stephen"]
[Result "1-0"]
[WhiteElo "2215"]
[BlackElo "1637"]
[PlyCount "59"]
[EventDate "2020.08.25"]
[WhiteTeam "Manchester Manticores 1"]
[BlackTeam "Shropshire 4"]

1. d4 Nf6 2. c4 c5 3. d5 e5 4. Nc3 d6 5. e4 Be7 6. g3 Nbd7 7. Bg2 Nf8 8. Nge2
Ng6 9. O-O h6 10. Qd3 O-O 11. a3 Nh7 12. h4 f5 13. Bd2 Bd7 14. exf5 Bxf5 15.
Be4 Qd7 16. Bxf5 Qxf5 17. Qxf5 Rxf5 18. Ne4 Raf8 19. N2c3 a6 20. Be3 Rd8 21. b4
b6 22. Rab1 Rff8 23. bxc5 bxc5 24. Rb6 a5 25. Nb5 Rd7 26. Nbxd6 Bd8 27. Rb7
Rxb7 28. Nxb7 Bb6 29. Rb1 Ba7 30. Nxa5 1-0

[Event "4NCL Online Division 5"]
[Site "online"]
[Date "2020.08.25"]
[Round "1.33"]
[White "Birch, James"]
[Black "Hilton, Tim"]
[Result "0-1"]
[WhiteElo "1570"]
[BlackElo "2005"]
[PlyCount "72"]
[EventDate "2020.08.25"]
[WhiteTeam "Shropshire 4"]
[BlackTeam "Manchester Manticores 1"]

1. c4 f5 2. g3 Nf6 3. Bg2 d6 4. Nc3 e5 5. d3 Be7 6. Nf3 O-O 7. O-O Qe8 8. e4 f4
9. Nd5 Nxd5 10. cxd5 g5 11. d4 g4 12. Nh4 Bxh4 13. gxh4 f3 14. Bh1 Qg6 15. dxe5
dxe5 16. Qd3 Na6 17. d6 Qxd6 18. Qxd6 cxd6 19. Rd1 Nc5 20. Rxd6 Nxe4 21. Rd5
Re8 22. Be3 Bf5 23. Rad1 b6 24. h3 h5 25. hxg4 hxg4 26. Bg5 Kf7 27. Bf4 Kf6 28.
Be3 Rac8 29. Rb5 Red8 30. Re1 Re8 31. h5 Nd6 32. Rb4 Nc4 33. Bc1 e4 34. b3 Ne5
35. Be3 Nd3 36. Bd4+ Ke6 0-1

[Event "4NCL Online Division 5"]
[Site "online"]
[Date "2020.08.25"]
[Round "1.34"]
[White "Reed, John"]
[Black "Holmes, Nick D"]
[Result "1-0"]
[WhiteElo "1937"]
[BlackElo "1540"]
[PlyCount "99"]
[EventDate "2020.08.25"]
[WhiteTeam "Manchester Manticores 1"]
[BlackTeam "Shropshire 4"]

1. d4 d5 2. c4 c6 3. Nc3 Nf6 4. Bg5 Bf5 5. f3 Qb6 6. Qd2 Nbd7 7. c5 Qc7 8. e3
b6 9. cxb6 axb6 10. Bd3 Bxd3 11. Qxd3 e5 12. Nge2 Bb4 13. O-O O-O 14. Rfc1 Rfe8
15. a3 Bd6 16. Nb5 Qb8 17. Rxc6 e4 18. Qd2 Bxh2+ 19. Kh1 Re6 20. Rxe6 fxe6 21.
f4 Ng4 22. Qe1 h6 23. Qh4 Nxe3 24. Qxh2 hxg5 25. Rc1 Nf6 26. fxg5 Qxh2+ 27.
Kxh2 Nfg4+ 28. Kg3 Nxg2 29. Kxg2 Ne3+ 30. Kg3 Nf5+ 31. Kf4 Rf8 32. Ke5 Ne3 33.
Kxe6 Re8+ 34. Kd7 Rf8 35. Rc8 Nc4 36. Rxf8+ Kxf8 37. b3 Nd2 38. b4 Kf7 39. Kc6
Nc4 40. Kxd5 Nd2 41. a4 e3 42. a5 bxa5 43. bxa5 Nf1 44. a6 Kg6 45. a7 Kxg5 46.
a8=Q Nd2 47. Qd8+ Kg4 48. Qd6 Kf3 49. Nbc3 g5 50. Qg3# 1-0

[Event "4NCL Online Division 5"]
[Site "online"]
[Date "2020.08.25"]
[Round "1.41"]
[White "Cox, Leon"]
[Black "Liu, Jason"]
[Result "1-0"]
[WhiteElo "1757"]
[BlackElo "1392"]
[PlyCount "83"]
[EventDate "2020.08.25"]
[WhiteTeam "Cheshire Cats"]
[BlackTeam "BCC Penguins"]

1. d4 d6 2. Bf4 c6 3. Nf3 Bg4 4. e4 Qc7 5. Be2 Nd7 6. h3 Bh5 7. Nbd2 Ngf6 8.
O-O e5 9. Bh2 Be7 10. c3 O-O 11. Nc4 Bxf3 12. Bxf3 b5 13. Ne3 g6 14. a4 a6 15.
Qc2 Rac8 16. Rfd1 Rfd8 17. b4 Ra8 18. Be2 Nf8 19. f4 exf4 20. Bxf4 Ne6 21. Bg3
Qb6 22. a5 Qa7 23. Ng4 Nh5 24. Bf2 Nef4 25. Bf3 Qc7 26. Rf1 Kg7 27. Be3 Bg5 28.
Qd2 Ne6 29. Bxg5 Nxg5 30. Qxg5 f6 31. Qh6+ Kg8 32. Ne3 Qg7 33. Qxg7+ Nxg7 34.
Bd1 Rf8 35. Bb3+ Kh8 36. Ng4 Nh5 37. Rf3 Rae8 38. Bc2 d5 39. exd5 cxd5 40. Raf1
Kg7 41. Ne3 Rd8 42. g4 1-0

[Event "4NCL Online Division 5"]
[Site "online"]
[Date "2020.08.25"]
[Round "1.42"]
[White "Liu, Benjamin"]
[Black "Fisher, Peter"]
[Result "1-0"]
[WhiteElo "1000"]
[BlackElo "1727"]
[PlyCount "97"]
[EventDate "2020.08.25"]
[WhiteTeam "BCC Penguins"]
[BlackTeam "Cheshire Cats"]

1. d4 d5 2. c4 e6 3. Nc3 Nf6 4. cxd5 exd5 5. Bg5 Be7 6. e3 b6 7. Bd3 O-O 8.
Nge2 Bb7 9. O-O Nbd7 10. Qb3 h6 11. Bxf6 Nxf6 12. a4 a6 13. a5 b5 14. Rfc1 Rc8
15. Bf5 Rb8 16. Nf4 Re8 17. Nd3 Ne4 18. Nxe4 dxe4 19. Ne5 Bd5 20. Qd1 Qd6 21.
Qc2 f6 22. Nc6 Ra8 23. Bxe4 Bf8 24. Bxd5+ Qxd5 25. Qc3 Bd6 26. Nb4 Qh5 27. h3
Qg5 28. Qb3+ Kh8 29. Nd5 Ra7 30. f4 Qg3 31. Rf1 Re4 32. Rf3 Qh4 33. Rc1 f5 34.
Qd3 g6 35. Kh2 Qd8 36. g4 Qf8 37. gxf5 gxf5 38. Rg1 Qf7 39. Nc3 Re7 40. Rfg3
Qh5 41. Rg8+ Kh7 42. Qc2 c6 43. Qg2 Qf7 44. d5 c5 45. h4 Rxe3 46. Qf2 Ree7 47.
Qg3 Qh5 48. Rh8+ Kxh8 49. Qg8# 1-0

[Event "4NCL Online Division 5"]
[Site "online"]
[Date "2020.08.25"]
[Round "1.43"]
[White "Beckett, Phill"]
[Black "Bell, Euan"]
[Result "1-0"]
[WhiteElo "1712"]
[BlackElo "700"]
[PlyCount "115"]
[EventDate "2020.08.25"]
[WhiteTeam "Cheshire Cats"]
[BlackTeam "BCC Penguins"]

1. e4 g6 2. d4 Bh6 3. Bxh6 Nxh6 4. Nc3 e6 5. Nf3 Ng4 6. h3 f5 7. hxg4 fxg4 8.
Ne5 Rf8 9. Rxh7 Qf6 10. Nxg4 Qf4 11. f3 Qg3+ 12. Nf2 b6 13. Qd2 g5 14. Rh3 Qf4
15. Qxf4 gxf4 16. O-O-O Ba6 17. Bxa6 Nxa6 18. Ng4 O-O-O 19. d5 Nc5 20. dxe6
Nxe6 21. Nd5 Rde8 22. Ndf6 Rd8 23. Rh7 Nc5 24. b4 Ne6 25. Nxd7 Rxd7 26. Rdxd7
Ng5 27. Rxc7+ Kb8 28. Rb7+ Ka8 29. Rxa7+ Kb8 30. Rhb7+ Kc8 31. Ra8+ Kxb7 32.
Rxf8 Ne6 33. Rf6 Nd4 34. Kd2 b5 35. Rxf4 Kb6 36. Rf6+ Nc6 37. e5 Kc7 38. Rf7+
Kd8 39. e6 Ke8 40. Nf6+ Kd8 41. Rh7 Ne7 42. Rh8+ Kc7 43. Rh7 Kd6 44. Rxe7 Kxe7
45. Ne4 Kxe6 46. Ke3 Kd5 47. Nc3+ Kc4 48. Nxb5 Kxb5 49. g4 Kc6 50. g5 Kd7 51.
b5 Ke7 52. b6 Kf7 53. b7 Kg6 54. b8=Q Kxg5 55. Qf4+ Kg6 56. Ke4 Kg7 57. Ke5 Kg6
58. Ke6 1-0

[Event "4NCL Online Division 5"]
[Site "online"]
[Date "2020.08.25"]
[Round "1.44"]
[White "Florczak, Adam"]
[Black "Cox, Paul"]
[Result "0-1"]
[WhiteElo "700"]
[BlackElo "1600"]
[PlyCount "54"]
[EventDate "2020.08.25"]
[WhiteTeam "BCC Penguins"]
[BlackTeam "Cheshire Cats"]

1. e4 e5 2. Nf3 Nc6 3. Nc3 Bc5 4. Bc4 Nf6 5. d3 h6 6. O-O d6 7. Be3 Nd4 8. Bxd4
Bxd4 9. Nxd4 exd4 10. Nb5 c5 11. Qf3 a6 12. Nxd6+ Qxd6 13. Rfe1 Qe5 14. Bb3 O-O
15. g3 Be6 16. Bxe6 fxe6 17. Qf4 Qxf4 18. gxf4 Nh5 19. f5 exf5 20. e5 Rae8 21.
Re2 Re6 22. Rae1 Rfe8 23. a4 Nf4 24. Rd2 Rxe5 25. Rxe5 Rxe5 26. c4 dxc3 27.
bxc3 Re1# 0-1

[Event "4NCL Online Division 5"]
[Site "online"]
[Date "2020.08.25"]
[Round "1.51"]
[White "Tathare, Rohan"]
[Black "Maton, James J"]
[Result "1-0"]
[WhiteElo "1135"]
[BlackElo "1370"]
[PlyCount "63"]
[EventDate "2020.08.25"]
[WhiteTeam "Watford Juniors B"]
[BlackTeam "St Albans 4"]

1. e4 d6 2. d4 Nf6 3. Nc3 g6 4. b3 Bg7 5. Bb2 O-O 6. f4 c5 7. Nf3 Qa5 8. Be2
Nxe4 9. Qd3 Bf5 10. Qe3 Nc6 11. O-O Nxd4 12. Nxe4 Nxc2 13. Qc1 Nxa1 14. Qxa1
Bxb2 15. Qxb2 Bxe4 16. Ng5 Bc6 17. f5 Bb5 18. fxg6 hxg6 19. Bxb5 Qxb5 20. Qf2
c4 21. Qh4 Qc5+ 22. Kh1 Qxg5 23. Qxg5 c3 24. Rc1 Rac8 25. Qe3 Rc5 26. Qxe7 Re5
27. Qxd6 Rfe8 28. h3 Re1+ 29. Rxe1 Rxe1+ 30. Kh2 c2 31. Qd8+ Kh7 32. Qh4+ 1-0

[Event "4NCL Online Division 5"]
[Site "online"]
[Date "2020.08.25"]
[Round "1.52"]
[White "Feldman, Keith"]
[Black "Shah, Prem C"]
[Result "1-0"]
[WhiteElo "1330"]
[BlackElo "1037"]
[PlyCount "101"]
[EventDate "2020.08.25"]
[WhiteTeam "St Albans 4"]
[BlackTeam "Watford Juniors B"]

1. d4 Nf6 2. c4 c5 3. d5 e5 4. Nc3 g6 5. e4 Bg7 6. Bg5 O-O 7. Nf3 d6 8. Be2 Bg4
9. O-O Nbd7 10. Nb5 Nb6 11. Nc3 Bxf3 12. Bxf3 Nxc4 13. b3 Nb6 14. a4 Qd7 15. h3
Rfe8 16. Be2 Rad8 17. Bb5 Qe7 18. Bxe8 Qxe8 19. a5 Nbd7 20. Qf3 h6 21. Bh4 g5
22. Bg3 a6 23. Rfb1 h5 24. Bh2 g4 25. Qd3 Nf8 26. h4 Ng6 27. g3 b5 28. axb6 Ra8
29. Rxa6 Rb8 30. Rba1 Nd7 31. Qb5 Qd8 32. b7 Qc7 33. Ra8 Bh6 34. Rxb8+ Nxb8 35.
Ra8 Bd2 36. Na4 Ne7 37. Qe8+ Kg7 38. Qxb8 Ba5 39. Qf8+ Kf6 40. b8=Q Qxb8 41.
Qxb8 Bc3 42. Qxd6+ Kg7 43. Nxc3 Ng6 44. Qxc5 Kh7 45. d6 Kg7 46. d7 Kh7 47. d8=Q
Kg7 48. Qg8+ Kh6 49. Qe3+ Nf4 50. gxf4 exf4 51. Qxf4# 1-0